[Event "Spring U2400"]
[Site "?"]
[Date "2023.03.04"]
[Round "2"]
[White "Mba, Reginald"]
[Black "Wescott, Dale"]
[Result "1-0"]
[WhiteElo "1811"]
[BlackElo "1568"]
[PlyCount "71"]
[EventDate "2023.??.??"]
[SourceVersionDate "2023.03.16"]

1. e4 e5 2. Nf3 Nc6 3. Bc4 Bc5 4. c3 Nf6 5. d3 O-O 6. O-O d5 7. exd5 Nxd5 8. h3 Bf5 9. Re1 Qd6 10. a4 a5 11. Na3 Bxa3 12. Rxa3 Nb6 13. Bb5 Na7 14. d4 Nxb5 15. axb5 exd4 16. Nxd4 Rfd8 17. Qf3 Bg6 18. Bf4 Qd5 19. Bxc7 Qxf3 20. Nxf3 Nc4 21. Bxd8 Rxd8 22. Raa1 Bc2 23. Nd4 Bd3 24. b3 Nd6 25. Rxa5 h6 26. Rd1 Bg6 27. Rda1 Rd7 28. f3 Kh7 29. Re1 Bd3 30. Re3 Bg6 31. h4 h5 32. g4 f5 33. gxf5 Bxf5 34. b6 Bg6 35. Ra8 Rf7 36. Ne6 1-0

[Event "Spring U2400"]
[Site "?"]
[Date "2023.03.04"]
[Round "2"]
[White "Harris, Callum"]
[Black "Macdonald, Duncan"]
[Result "1-0"]
[WhiteElo "1836"]
[BlackElo "1546"]
[PlyCount "91"]
[EventDate "2023.??.??"]
[SourceVersionDate "2023.03.16"]

1. e4 d5 2. exd5 Nf6 3. c4 e6 4. d6 Bxd6 5. Nc3 O-O 6. Nf3 e5 7. d3 Re8 8. Bg5 e4 9. dxe4 Nxe4 10. Nxe4 Bb4+ 11. Bd2 Rxe4+ 12. Be2 Bxd2+ 13. Qxd2 Qxd2+ 14. Kxd2 Bg4 15. h3 Bh5 16. g4 Bg6 17. Bd3 Re8 18. Bxg6 hxg6 19. Rhe1 Nc6 20. Kc3 a5 21. Rad1 Rxe1 22. Nxe1 Re8 23. Nc2 Re2 24. Rd7 Rxf2 25. Rxc7 Rf3+ 26. Kd2 Rf2+ 27. Kd1 Ne5 28. b3 b6 29. Rb7 Rf6 30. Ne3 Rd6+ 31. Nd5 Nd7 32. Kc2 Kf8 33. Kc3 f5 34. b4 axb4+ 35. Kxb4 Nf6 36. Ne7 Nd7 37. Nd5 Ke8 38. Kb5 Kd8 39. a4 Re6 40. Nxb6 Rxb6+ 41. Rxb6 Nxb6 42. Kxb6 Kc8 43. a5 f4 44. a6 Kb8 45. a7+ Ka8 46. c5 1-0

[Event "Spring U2400"]
[Site "?"]
[Date "2023.03.04"]
[Round "2"]
[White "Kong, Emma"]
[Black "Kett, Tim"]
[Result "0-1"]
[WhiteElo "1188"]
[BlackElo "2124"]
[PlyCount "112"]
[EventDate "2023.??.??"]
[SourceVersionDate "2023.03.16"]

1. d4 Nf6 2. c4 c5 3. d5 e6 4. Nc3 exd5 5. cxd5 d6 6. e4 g6 7. Nf3 Bg7 8. h3 O-O 9. Bd3 b5 10. O-O b4 11. Ne2 Nh5 12. Qc2 Nd7 13. Nf4 Nxf4 14. Bxf4 Qf6 15. Bg3 Qe7 16. a3 bxa3 17. Rxa3 Ne5 18. Nxe5 Bxe5 19. Bxe5 Qxe5 20. Qc3 Qxc3 21. bxc3 f5 22. exf5 Bxf5 23. Bxf5 Rxf5 24. c4 Rf4 25. Rc1 a5 26. Ra4 Kf7 27. Rb1 Kf6 28. f3 Rd4 29. Re1 Ra6 30. Kf2 Rd2+ 31. Re2 Rxe2+ 32. Kxe2 Ke5 33. Ke3 g5 34. g3 h5 35. f4+ gxf4+ 36. gxf4+ Kf5 37. Ra1 a4 38. Rg1 a3 39. Rg5+ Kf6 40. Rg1 a2 41. Ra1 Kf5 42. h4 Ra3+ 43. Kd2 Kxf4 44. Rf1+ Ke4 45. Re1+ Kd4 46. Ra1 Rh3 47. Kc2 Kxc4 48. Kb2 Rh2+ 49. Ka3 Kxd5 50. Rd1+ Kc4 51. Ka4 d5 52. Rc1+ Kd3 53. Kb3 c4+ 54. Ka3 c3 55. Rd1+ Kc4 56. Rf1 d4 0-1

[Event "Spring U2400"]
[Site "?"]
[Date "2023.03.04"]
[Round "2"]
[White "Gibiec, Ernest"]
[Black "Hanczar, Csombor"]
[Result "1-0"]
[WhiteElo "2138"]
[BlackElo "964"]
[PlyCount "41"]
[EventDate "2023.??.??"]
[SourceVersionDate "2023.03.16"]

1. d4 Nf6 2. Nf3 g6 3. Bg5 Bg7 4. e3 O-O 5. Be2 d6 6. c4 Na6 7. Nc3 c5 8. O-O Bg4 9. h3 Bxf3 10. Bxf3 Rb8 11. Nb5 Nc7 12. Nxa7 Qd7 13. a4 Na6 14. Qd2 cxd4 15. exd4 Qe6 16. d5 Qf5 17. Be3 Nc5 18. Bxc5 dxc5 19. Rfe1 Rfe8 20. Nb5 Nd7 21. Bg4 1-0

[Event "Spring U2400"]
[Site "?"]
[Date "2023.03.04"]
[Round "2"]
[White "Young, Alan"]
[Black "Gorman, Claire"]
[Result "1-0"]
[WhiteElo "2058"]
[BlackElo "1247"]
[PlyCount "41"]
[EventDate "2023.??.??"]
[SourceVersionDate "2023.03.16"]

1. e4 e5 2. Nf3 d6 3. d4 h6 4. dxe5 dxe5 5. Qxd8+ Kxd8 6. Nxe5 Ke8 7. Bc4 Be6 8. Bxe6 fxe6 9. Nc3 a6 10. O-O Bd6 11. Ng6 Rh7 12. Bf4 Bxf4 13. Nxf4 Kf7 14. Rad1 g5 15. Nd3 Nc6 16. f4 gxf4 17. Nxf4 Nf6 18. Nh5 Ke7 19. Nxf6 Rf7 20. Rd7+ Kf8 21. Nh7+ 1-0

[Event "Spring U2400"]
[Site "?"]
[Date "2023.03.04"]
[Round "2"]
[White "Davies, Rhys"]
[Black "Wlimot, Daniel"]
[Result "0-1"]
[WhiteElo "1216"]
[BlackElo "1912"]
[PlyCount "68"]
[EventDate "2023.??.??"]
[SourceVersionDate "2023.03.16"]

1. d4 Nf6 2. e3 d5 3. c4 e6 4. Nc3 Bb4 5. Nf3 O-O 6. a3 Bxc3+ 7. bxc3 c6 8. Bd3 Qa5 9. Qb3 c5 10. O-O Nbd7 11. Re1 Ne4 12. Bxe4 dxe4 13. Nd2 f5 14. d5 e5 15. Bb2 Qd8 16. Qb5 Rf6 17. Qb3 Rh6 18. f3 exf3 19. Nxf3 e4 20. Nd2 Qh4 21. Nf1 Rb6 22. Qc2 Ne5 23. Bc1 Qxe1 24. Bb2 Qh4 25. Rd1 Bd7 26. a4 Qg4 27. Ng3 Rxb2 28. Qc1 Nxc4 29. Rf1 Rf8 30. Rf4 Qg6 31. a5 Qd6 32. Qd1 Rxg2+ 33. Kh1 Nxe3 34. Ne2 Nxd1 0-1

[Event "Spring U2400"]
[Site "?"]
[Date "2023.03.04"]
[Round "2"]
[White "Davies, Tom"]
[Black "Forsey, Tomas"]
[Result "1-0"]
[WhiteElo "1583"]
[BlackElo "1216"]
[PlyCount "39"]
[EventDate "2023.??.??"]
[SourceVersionDate "2023.03.16"]

1. c4 f5 2. Nc3 Nf6 3. Nf3 e6 4. g3 Be7 5. Bg2 O-O 6. O-O d6 7. b4 e5 8. Bb2 Qe8 9. d4 Nc6 10. Nb5 Bd8 11. a3 Qf7 12. dxe5 dxe5 13. Nxe5 Nxe5 14. Bxe5 Qxc4 15. Bxf6 Qxb5 16. Bxd8 Be6 17. Bxc7 Rac8 18. Qd6 Rfe8 19. Rac1 Bc4 20. Rxc4 1-0

[Event "Spring U2400"]
[Site "?"]
[Date "2023.03.04"]
[Round "2"]
[White "Jones, Gavin"]
[Black "Head, Elliot"]
[Result "1/2-1/2"]
[WhiteElo "1531"]
[BlackElo "1168"]
[PlyCount "62"]
[EventDate "2023.??.??"]
[SourceVersionDate "2023.03.16"]

1. e4 e5 2. Nf3 Nc6 3. Bc4 Bc5 4. O-O Nf6 5. d3 d6 6. c3 Bb6 7. b4 a6 8. Qb3 O-O 9. Be3 Ba7 10. h3 Re8 11. a4 Be6 12. Nbd2 Qd7 13. Bxa7 Nxa7 14. Ng5 h6 15. Nxe6 fxe6 16. d4 exd4 17. cxd4 d5 18. exd5 exd5 19. Bd3 Re7 20. Nf3 Nc6 21. b5 axb5 22. axb5 Rxa1 23. Rxa1 Nd8 24. Ne5 Qd6 25. Ra8 Re8 26. Bg6 Rf8 27. Qd3 Ne6 28. Rxf8+ Kxf8 29. Qf5 Ke7 30. Qd3 Nf4 31. Qe3 Nxg6 1/2-1/2

[Event "Spring U2400"]
[Site "?"]
[Date "2023.03.04"]
[Round "2"]
[White "Powell, Andrew"]
[Black "Jansen Van Rensburg, Leon"]
[Result "0-1"]
[WhiteElo "1129"]
[BlackElo "1501"]
[PlyCount "76"]
[EventDate "2023.??.??"]
[SourceVersionDate "2023.03.16"]

1. d4 d5 2. Bf4 Nf6 3. e3 e6 4. c3 c5 5. Nf3 Nc6 6. Nbd2 Bd6 7. Bxd6 Qxd6 8. Be2 c4 9. O-O h5 10. b3 b5 11. bxc4 bxc4 12. Qc2 h4 13. e4 Qf4 14. exd5 exd5 15. Rfe1 O-O 16. Bf1 Bf5 17. Qc1 Qh6 18. Ne5 Nxe5 19. dxe5 Nd7 20. Nf3 Qh7 21. Qd2 Be6 22. Ng5 Qh6 23. Nf3 Qxd2 24. Nxd2 Nc5 25. Nf3 Ne4 26. Rec1 Rab8 27. Rab1 Rxb1 28. Rxb1 Nxc3 29. Rb7 Ra8 30. Nd4 Nxa2 31. Be2 a5 32. Kf1 a4 33. Rb2 Nc3 34. Rc2 Nxe2 35. Kxe2 a3 36. Ra2 Ra4 37. Nc2 Bf5 38. Rxa3 Bxc2 0-1

[Event "Spring U2400"]
[Site "?"]
[Date "2023.03.04"]
[Round "3"]
[White "Bullen, Alex"]
[Black "Jukes, Sam"]
[Result "1-0"]
[WhiteElo "2148"]
[BlackElo "1905"]
[PlyCount "135"]
[EventDate "2023.??.??"]
[SourceVersionDate "2023.03.17"]

1. d4 Nf6 2. Nf3 b6 3. g3 Bb7 4. Bg2 e6 5. O-O Be7 6. c4 O-O 7. Re1 d5 8. cxd5 exd5 9. Nc3 Nbd7 10. Bf4 Ne4 11. Nxe4 dxe4 12. Nd2 f5 13. Nc4 Bg5 14. Ne5 Bxf4 15. Qb3+ Kh8 16. gxf4 Nxe5 17. dxe5 Bd5 18. Qc3 c6 19. Red1 Qe7 20. a3 Qc5 21. Qxc5 bxc5 22. Rac1 Rab8 23. Rd2 Rb5 24. e3 g5 25. Bf1 Rb7 26. fxg5 Rg8 27. h4 h6 28. Bc4 hxg5 29. hxg5 Rh7 30. Rc3 Rxg5+ 31. Kf1 Rh1+ 32. Ke2 Rgg1 33. Rxd5 cxd5 34. Bb3 c4 35. Ba4 Rb1 36. Rc2 Rbd1 37. f4 Rb1 38. Kd2 Rbd1+ 39. Kc3 Rd3+ 40. Kb4 Rxe3 41. e6 Kg7 42. e7 Rh8 43. e8=Q Rxe8 44. Bxe8 Kf6 45. Bc6 d4 46. Rxc4 d3 47. Rc1 d2 48. Rd1 Rd3 49. Bb5 Rd8 50. Kc3 e3 51. Be2 Rd6 52. Rh1 Kg6 53. Rg1+ Kf6 54. Rh1 Kg6 55. b3 Rd7 56. Kc2 Rd8 57. Kd1 a5 58. a4 Rd4 59. Rh3 Re4 60. Rf3 Kf6 61. Bd3 Re7 62. Ke2 Kg6 63. Bc2 Kh5 64. Rxe3 Rg7 65. Kxd2 Kg4 66. Re5 Kf3 67. Rxa5 Rd7+ 68. Kc3 1-0

[Event "Spring U2400"]
[Site "?"]
[Date "2023.03.04"]
[Round "3"]
[White "Sadiq, Ayodele"]
[Black "Turner, Joseph"]
[Result "1-0"]
[WhiteElo "2006"]
[BlackElo "1867"]
[PlyCount "101"]
[EventDate "2023.??.??"]
[SourceVersionDate "2023.03.17"]

1. e4 e5 2. Nf3 Nc6 3. Bc4 Bc5 4. d4 exd4 5. c3 Qe7 6. O-O Ne5 7. Nxe5 Qxe5 8. Qb3 Qh5 9. Bd2 Nf6 10. Bf4 O-O 11. Bxc7 Nxe4 12. Bd5 Ng5 13. Bxb7 Bxb7 14. Qxb7 Qe2 15. cxd4 Bxd4 16. Nc3 Qg4 17. Kh1 Rfe8 18. Rad1 Bxc3 19. bxc3 Qc4 20. Be5 d6 21. Bg3 Ne4 22. Qb3 Qxc3 23. Bxd6 Rad8 24. Qxc3 Nxc3 25. Rde1 Re6 26. Bc5 Nxa2 27. Bxa7 Nb4 28. Rxe6 fxe6 29. g3 Kf7 30. Rb1 Nc6 31. Rb7+ Kf6 32. Be3 h6 33. Kg2 Rd5 34. Bc1 Nd8 35. Rc7 g5 36. Bb2+ e5 37. Kf3 Ne6 38. Rc6 Rc5 39. Rb6 Rc4 40. h3 h5 41. Ke3 Kf5 42. Kd3 Rc7 43. Rd6 Nc5+ 44. Ke3 Na4 45. f3 g4 46. hxg4+ hxg4 47. fxg4+ Kxg4 48. Bxe5 Kf5 49. Bd4 Nc3 50. Kf3 Rf7 51. Bxc3 1-0

[Event "Spring U2400"]
[Site "?"]
[Date "2023.03.04"]
[Round "3"]
[White "Fathallah, Joe"]
[Black "James, Dai"]
[Result "0-1"]
[WhiteElo "1988"]
[BlackElo "1843"]
[PlyCount "40"]
[EventDate "2023.??.??"]
[SourceVersionDate "2023.03.17"]

1. d4 Nf6 2. c4 c5 3. d5 e6 4. Nc3 exd5 5. cxd5 d6 6. e4 g6 7. f4 Bg7 8. Bb5+ Nbd7 9. e5 dxe5 10. fxe5 Nh5 11. e6 O-O 12. exd7 Bxd7 13. Bxd7 Qxd7 14. Nge2 Qf5 15. Qd2 Rfe8 16. Qg5 Bxc3+ 17. bxc3 Qd3 18. O-O Rxe2 19. g4 Ng3 20. Bf4 Qe4 0-1

[Event "Spring U2400"]
[Site "?"]
[Date "2023.03.04"]
[Round "3"]
[White "Fowler, Hugo"]
[Black "Rathbone-Jones, Ifan"]
[Result "1/2-1/2"]
[WhiteElo "1878"]
[BlackElo "1934"]
[PlyCount "67"]
[EventDate "2023.??.??"]
[SourceVersionDate "2023.03.17"]

1. e4 c5 2. c3 d5 3. exd5 Qxd5 4. d4 Nf6 5. Nf3 Bg4 6. Be2 Nc6 7. h3 Bxf3 8. Bxf3 Qe6+ 9. Be3 cxd4 10. cxd4 Nd5 11. Qe2 Nxe3 12. fxe3 Qd7 13. O-O e6 14. Nc3 Be7 15. d5 Ne5 16. dxe6 Nxf3+ 17. Qxf3 Qxe6 18. Qxb7 O-O 19. Qe4 Qxe4 20. Nxe4 Rfe8 21. Rad1 Rad8 22. g4 h6 23. Kg2 Rxd1 24. Rxd1 Ba3 25. bxa3 Rxe4 26. Kf3 Ra4 27. Rd3 Kf8 28. Ke2 Ke7 29. Kd2 h5 30. gxh5 Rh4 31. Rd5 Ra4 32. Rd3 Rh4 33. Rd5 Ra4 34. Rd3 1/2-1/2

[Event "Spring U2400"]
[Site "?"]
[Date "2023.03.04"]
[Round "3"]
[White "Kett, Tim"]
[Black "Mba, Reginald"]
[Result "1-0"]
[WhiteElo "2124"]
[BlackElo "1811"]
[PlyCount "51"]
[EventDate "2023.??.??"]
[SourceVersionDate "2023.03.17"]

1. e4 c6 2. d4 d5 3. e5 c5 4. dxc5 e6 5. a3 Bxc5 6. b4 Bb6 7. Qg4 Kf8 8. Nf3 Qc7 9. Bd3 Ne7 10. O-O Ng6 11. Bb2 Nc6 12. Re1 a6 13. Nbd2 Qe7 14. c4 dxc4 15. Nxc4 Bc7 16. Rad1 b5 17. Nd6 Ncxe5 18. Nxe5 Bxd6 19. Bxg6 hxg6 20. Rxd6 Qxd6 21. Qf4 Kg8 22. Qxf7+ Kh7 23. Qxg6+ Kg8 24. Ng4 Qe7 25. Bxg7 Qxg7 26. Nf6+ 1-0

[Event "Spring U2400"]
[Site "?"]
[Date "2023.03.04"]
[Round "3"]
[White "Korovski, Georgi"]
[Black "Wu, Yuxuan"]
[Result "0-1"]
[WhiteElo "1841"]
[BlackElo "1549"]
[PlyCount "74"]
[EventDate "2023.??.??"]
[SourceVersionDate "2023.03.17"]

1. d4 Nf6 2. c4 e6 3. Nc3 Bb4 4. e3 c5 5. Bd3 d5 6. Nf3 dxc4 7. Bxc4 cxd4 8. exd4 O-O 9. a3 Be7 10. Bf4 Nd5 11. Bg3 Nxc3 12. bxc3 Nc6 13. O-O b6 14. Qe2 Na5 15. Bd3 Bb7 16. Ne5 Rc8 17. Rac1 Qd5 18. f3 Rxc3 19. Bf2 Rxc1 20. Rxc1 Bd6 21. Be4 Qb3 22. Bc2 Qxa3 23. Be3 Bxe5 24. dxe5 Bd5 25. Bd3 Nb3 26. Rb1 Nc5 27. Bc2 Qc3 28. Rc1 Qxe5 29. Qd2 Bb3 30. Bb1 Qd5 31. Qc3 Rd8 32. Kf2 h6 33. Be4 Nxe4+ 34. fxe4 Qxe4 35. Qxb3 Rd3 36. Qa2 Qxe3+ 37. Kf1 Rd2 0-1

[Event "Spring U2400"]
[Site "?"]
[Date "2023.03.04"]
[Round "3"]
[White "Wilmot, Daniel"]
[Black "Davies, Tom"]
[Result "1-0"]
[WhiteElo "1912"]
[BlackElo "1582"]
[PlyCount "79"]
[EventDate "2023.??.??"]
[SourceVersionDate "2023.03.17"]

1. e4 d5 2. exd5 Qxd5 3. Nc3 Qa5 4. d4 Nf6 5. Nf3 Bf5 6. Bc4 e6 7. O-O Nc6 8. Nb5 Qb6 9. Bf4 Nd5 10. Bxd5 Qxb5 11. Bb3 O-O-O 12. a4 Qb4 13. c3 Qe7 14. Qe2 h6 15. Rfe1 g5 16. Bg3 Bg7 17. a5 h5 18. d5 Nb8 19. dxe6 fxe6 20. Bxe6+ Bxe6 21. Qxe6+ Qxe6 22. Rxe6 g4 23. Ng5 Rd2 24. Re7 Rd7 25. Rae1 Rhd8 26. Re8 Nc6 27. Kf1 Nxa5 28. Rxd8+ Kxd8 29. Ne6+ Kc8 30. Nxc7 Nc4 31. Re8+ Rd8 32. Rxd8+ Kxd8 33. Ne6+ Ke7 34. Nxg7 Nxb2 35. Nxh5 a5 36. Nf4 a4 37. Nd5+ Ke6 38. Nb4 a3 39. Ke2 Na4 40. Kd2 1-0

[Event "Spring U2400"]
[Site "?"]
[Date "2023.03.04"]
[Round "3"]
[White "Dixon, Chris"]
[Black "Swamy, Anshul"]
[Result "1-0"]
[WhiteElo "1697"]
[BlackElo "1460"]
[PlyCount "53"]
[EventDate "2023.??.??"]
[SourceVersionDate "2023.03.19"]

1. Nf3 d5 2. g3 Nc6 3. d4 f6 4. Bg2 e5 5. dxe5 fxe5 6. O-O Be7 7. Nc3 Be6 8. Ne1 e4 9. Nb5 a6 10. Nd4 Nxd4 11. Qxd4 Bf6 12. Qd1 g5 13. c3 h5 14. Nc2 c5 15. Be3 b6 16. f3 exf3 17. exf3 h4 18. Bf2 hxg3 19. Bxg3 Bh3 20. Re1+ Kf8 21. Bxh3 Rxh3 22. Qd3 Ra7 23. Re6 Rf7 24. Rae1 Kg7 25. Ne3 Ne7 26. Kg2 c4 27. Nxc4 1-0

[Event "Spring U2400"]
[Site "?"]
[Date "2023.03.04"]
[Round "3"]
[White "Bennett, Tom"]
[Black "Browse, Joseph"]
[Result "0-1"]
[WhiteElo "1678"]
[BlackElo "1390"]
[PlyCount "66"]
[EventDate "2023.??.??"]
[SourceVersionDate "2023.03.19"]

1. d4 d5 2. Bf4 Nf6 3. e3 e6 4. Nd2 Bd6 5. Bg3 O-O 6. Ngf3 c5 7. c3 Qc7 8. Bd3 Nbd7 9. e4 dxe4 10. Nxe4 Nxe4 11. Bxe4 Nf6 12. Bd3 b6 13. Bxd6 Qxd6 14. dxc5 Qxc5 15. O-O Bb7 16. Qe2 Rfd8 17. Rad1 h6 18. Rfe1 Nd5 19. Qe4 g6 20. Ne5 Qe7 21. Qg4 Nf6 22. Qh4 Kg7 23. Ng4 Ng8 24. Qh3 Rd5 25. Re5 h5 26. Qe3 hxg4 27. Rxd5 Bxd5 28. c4 Bb7 29. Bc2 Rd8 30. Re1 Qc5 31. Qg3 Nf6 32. Qf4 Rd4 33. Qb8 Qc6 0-1

[Event "Spring U2400"]
[Site "?"]
[Date "2023.03.04"]
[Round "3"]
[White "Muza, Robert"]
[Black "Thomas, Roy"]
[Result "0-1"]
[WhiteElo "1250"]
[BlackElo "1666"]
[PlyCount "90"]
[EventDate "2023.??.??"]
[SourceVersionDate "2023.03.19"]

1. e4 c5 2. Nc3 d6 3. Bb5+ Nc6 4. Nf3 g6 5. h3 Bg7 6. d3 e6 7. Bd2 Nge7 8. Qe2 O-O 9. Ng5 Bd7 10. Bxc6 Nxc6 11. O-O Nd4 12. Qd1 b5 13. Rb1 b4 14. Ne2 Nb5 15. Qc1 h6 16. Nf3 Kh7 17. Nh2 f5 18. f4 fxe4 19. dxe4 Bc6 20. Ng3 Qh4 21. Qe1 Nd4 22. Nf3 Nxf3+ 23. Rxf3 a5 24. c3 Rf7 25. Qe2 Rb7 26. c4 a4 27. Rd3 Rd7 28. f5 gxf5 29. exf5 Bd4+ 30. Kh2 e5 31. Be1 Rg8 32. Qf1 Qf4 33. Qe2 Rdg7 34. b3 Be4 35. Rbd1 Bxd3 36. Rxd3 e4 37. Rd1 Rxg3 38. Bxg3 Qxg3+ 39. Kh1 e3 40. Rxd4 cxd4 41. f6 Qxg2+ 42. Qxg2 Rxg2 43. Kxg2 axb3 44. axb3 Kg6 45. Kf3 Kxf6 0-1

[Event "Spring U2400"]
[Site "?"]
[Date "2023.03.04"]
[Round "3"]
[White "Hanczar, Csombor"]
[Black "Jones, Gavin"]
[Result "0-1"]
[WhiteElo "964"]
[BlackElo "1531"]
[PlyCount "70"]
[EventDate "2023.??.??"]
[SourceVersionDate "2023.03.19"]

1. Nf3 Nf6 2. g3 d5 3. Bg2 e6 4. O-O Bd6 5. d3 O-O 6. Na3 c6 7. c4 Nbd7 8. Nc2 a5 9. a3 a4 10. Nb4 Nc5 11. Qc2 Nb3 12. Rb1 Qe7 13. Qc3 c5 14. Na2 d4 15. Qc2 e5 16. Nd2 Nxd2 17. Bxd2 Bf5 18. Bg5 Qd7 19. b4 axb3 20. Rxb3 Bh3 21. Rxb7 Qf5 22. Bxf6 Bxg2 23. Kxg2 Qxf6 24. Qb3 h5 25. h4 g5 26. Rh1 Rfe8 27. e3 g4 28. Rf1 Rxa3 29. Qxa3 Qf3+ 30. Kg1 Qxb7 31. Qa4 Re6 32. Qb5 Qf3 33. Re1 e4 34. Qb1 Rf6 35. Qc2 Bxg3 0-1

[Event "Spring U2400"]
[Site "?"]
[Date "2023.03.04"]
[Round "3"]
[White "Head, Elliot"]
[Black "Davies, Rhys"]
[Result "1-0"]
[WhiteElo "1168"]
[BlackElo "1216"]
[PlyCount "43"]
[EventDate "2023.??.??"]
[SourceVersionDate "2023.03.19"]

1. e4 d5 2. exd5 Qxd5 3. Nf3 Nf6 4. c4 Qa5 5. Nc3 Bg4 6. Be2 e6 7. O-O Nbd7 8. d4 c6 9. Qd2 Bb4 10. Re1 O-O-O 11. a3 Ne4 12. Qc2 Nxc3 13. bxc3 Bxc3 14. Bd2 Bxd2 15. Nxd2 Nf6 16. Bd3 h6 17. Reb1 Rd7 18. Qb2 Rhd8 19. Nb3 Bf5 20. Nxa5 Bxd3 21. Rd1 Rxd4 22. Qxb7# 1-0

[Event "Spring U2400"]
[Site "?"]
[Date "2023.03.05"]
[Round "4"]
[White "James, Dai"]
[Black "Bullen, Alex"]
[Result "0-1"]
[WhiteElo "1843"]
[BlackElo "2148"]
[PlyCount "56"]
[EventDate "2023.??.??"]
[SourceVersionDate "2023.03.19"]

1. b4 d5 2. Bb2 Bf5 3. f4 e6 4. a3 Nf6 5. Nf3 c5 6. bxc5 Bxc5 7. e3 Nc6 8. d4 Be7 9. Bd3 Bxd3 10. Qxd3 Rc8 11. Nbd2 O-O 12. c4 Na5 13. c5 b6 14. cxb6 Qxb6 15. Bc3 Nc4 16. O-O Nxa3 17. Ne5 Qb5 18. Qxb5 Nxb5 19. Ba5 Na3 20. Kf2 Rc2 21. Kf3 Rfc8 22. Nb3 Ne4 23. Rac1 Nc4 24. Rxc2 Nxe5+ 25. fxe5 Rxc2 26. Rc1 Rf2+ 27. Kg4 h5+ 28. Kxh5 Rxg2 0-1

[Event "Spring U2400"]
[Site "?"]
[Date "2023.03.05"]
[Round "4"]
[White "Garcia, Jason"]
[Black "Sadiq, Ayodele"]
[Result "0-1"]
[WhiteElo "2002"]
[BlackElo "2006"]
[PlyCount "64"]
[EventDate "2023.??.??"]
[SourceVersionDate "2023.03.19"]

1. Nf3 Nf6 2. c4 e6 3. g3 b6 4. Bg2 Bb7 5. O-O c5 6. b3 Be7 7. Bb2 Nc6 8. e3 O-O 9. Qe2 d5 10. Rd1 Qc7 11. Nc3 a6 12. cxd5 exd5 13. d4 Rfd8 14. Rac1 Rac8 15. Na4 cxd4 16. Nxd4 Nxd4 17. Rxd4 Qd6 18. Rcd1 Qe6 19. a3 Rd7 20. Qf1 h5 21. R4d2 Rcd8 22. Bh3 Ng4 23. b4 Qc6 24. Nc3 d4 25. Bg2 Qxg2+ 26. Qxg2 Bxg2 27. Kxg2 dxc3 28. Rxd7 Rxd7 29. Rxd7 cxb2 30. Rd1 Ne5 31. f4 Nc4 32. Rb1 Bf6 0-1

[Event "Spring U2400"]
[Site "?"]
[Date "2023.03.05"]
[Round "4"]
[White "Rathbone-Jones, Ifan"]
[Black "Kett, Tim"]
[Result "0-1"]
[WhiteElo "1934"]
[BlackElo "2124"]
[PlyCount "70"]
[EventDate "2023.??.??"]
[SourceVersionDate "2023.03.19"]

1. d4 d5 2. Bf4 Nf6 3. Nf3 e6 4. e3 c5 5. c3 Nc6 6. Bd3 Nh5 7. Bg3 Nxg3 8. hxg3 Bd7 9. Nbd2 Qf6 10. g4 O-O-O 11. g5 Qe7 12. Bb5 Kb8 13. Bxc6 Bxc6 14. Ne5 Be8 15. f4 f6 16. Nef3 h6 17. Qc2 Qc7 18. g3 Bd6 19. O-O-O e5 20. gxf6 gxf6 21. dxe5 fxe5 22. Nh4 exf4 23. exf4 Qa5 24. Kb1 Ba4 25. b3 Bc6 26. Nf5 Bf8 27. Rhe1 Rg8 28. Nf3 Bg7 29. Ne5 Bxe5 30. Rxe5 Rge8 31. Rxe8 Rxe8 32. Nxh6 d4 33. Ka1 Bf3 34. b4 Bxd1 35. Qxd1 Qa3 0-1

[Event "Spring U2400"]
[Site "?"]
[Date "2023.03.05"]
[Round "4"]
[White "Wu, Yuxuan"]
[Black "Fowler, Hugo"]
[Result "0-1"]
[WhiteElo "1549"]
[BlackElo "1878"]
[PlyCount "124"]
[EventDate "2023.??.??"]
[SourceVersionDate "2023.03.19"]

1. d4 d5 2. c4 c5 3. Nf3 Nf6 4. Nc3 cxd4 5. Nxd4 e5 6. Nf3 d4 7. Nb1 Nc6 8. e3 Bb4+ 9. Bd2 dxe3 10. fxe3 Qb6 11. Nc3 Bxc3 12. bxc3 Ne4 13. Bd3 Nxd2 14. Qxd2 Bg4 15. Rb1 Qc7 16. Qb2 Bxf3 17. gxf3 O-O-O 18. Be4 Na5 19. Bd5 Rd6 20. Kf2 Rb6 21. Qc2 Nxc4 22. Bxc4 Qxc4 23. Rxb6 axb6 24. Qf5+ Qe6 25. Qxe6+ fxe6 26. Rg1 g6 27. Rg5 Kd7 28. Rxe5 Ra8 29. Rb5 Rxa2+ 30. Kg3 Kc6 31. Re5 Kd6 32. Re4 Rc2 33. Rd4+ Kc5 34. Rd7 Rxc3 35. Rc7+ Kb4 36. Rxb7 b5 37. Rxh7 Kc4 38. Kf4 b4 39. Ke4 b3 40. Rb7 Rc2 41. Rc7+ Kb4 42. Rb7+ Kc3 43. Rc7+ Kd2 44. Rb7 b2 45. Ke5 Kxe3 46. Rb3+ Kd2 47. Kxe6 Kc1 48. Kf6 Rc6+ 49. Kg5 Kc2 50. Rb7 b1=Q 51. Rxb1 Kxb1 52. f4 Kc2 53. h4 Kd3 54. f5 gxf5 55. Kxf5 Kd4 56. h5 Kd5 57. Kg5 Ke6 58. Kg6 Ke7+ 59. Kg7 Rc1 60. h6 Rg1+ 61. Kh8 Kf6 62. h7 Ra1 0-1

[Event "Spring U2400"]
[Site "?"]
[Date "2023.03.05"]
[Round "4"]
[White "Young, Alan"]
[Black "Harris, Callum"]
[Result "1-0"]
[WhiteElo "2058"]
[BlackElo "1836"]
[PlyCount "83"]
[EventDate "2023.??.??"]
[SourceVersionDate "2023.03.20"]

1. e4 c5 2. Nf3 d6 3. d4 cxd4 4. Nxd4 Nf6 5. Nc3 g6 6. g3 Bg7 7. Bg2 O-O 8. O-O a6 9. a4 Nbd7 10. h3 Nc5 11. Be3 e5 12. Nde2 Be6 13. b4 Ncd7 14. Qxd6 Re8 15. Rab1 Bf8 16. Qd2 Rc8 17. Rfd1 Qc7 18. a5 Bc4 19. Rb2 Red8 20. Nd5 Bxd5 21. exd5 Qc4 22. Qe1 Ne4 23. Bf1 Nc3 24. Nxc3 Qxc3 25. Qxc3 Rxc3 26. Bd2 Ra3 27. c4 e4 28. Be3 Ne5 29. c5 Bg7 30. Rc2 Rb3 31. c6 bxc6 32. dxc6 Rxd1 33. c7 Rbb1 34. c8=Q+ Bf8 35. Rc1 Nf3+ 36. Kg2 Ne1+ 37. Kh1 Rbxc1 38. Bxc1 Nf3 39. Qc4 Bxb4 40. Be3 Bxa5 41. Qxe4 Rxf1+ 42. Kg2 1-0

[Event "Spring U2400"]
[Site "?"]
[Date "2023.03.05"]
[Round "4"]
[White "Gibiec, Ernest"]
[Black "Chong, Kimberly"]
[Result "1-0"]
[WhiteElo "2138"]
[BlackElo "1699"]
[PlyCount "51"]
[EventDate "2023.??.??"]
[SourceVersionDate "2023.03.20"]

1. d4 d5 2. c4 e6 3. Nc3 Bb4 4. Bf4 Nf6 5. e3 O-O 6. Nf3 dxc4 7. Qc2 b5 8. a4 c6 9. Be2 Nd5 10. O-O Nxf4 11. exf4 Bxc3 12. bxc3 Nd7 13. Ng5 Nf6 14. Bf3 Qc7 15. axb5 Bb7 16. bxc6 Bxc6 17. Bxc6 Qxc6 18. Rfe1 Rfb8 19. Re5 Qb6 20. f5 h6 21. Nxf7 Kxf7 22. fxe6+ Ke7 23. Qg6 Rg8 24. Qf7+ Kd6 25. e7 Qc7 26. Qe6# 1-0

[Event "Spring U2400"]
[Site "?"]
[Date "2023.03.05"]
[Round "4"]
[White "Thomas, Roy"]
[Black "Fathallah, Joe"]
[Result "0-1"]
[WhiteElo "1666"]
[BlackElo "1988"]
[PlyCount "126"]
[EventDate "2023.??.??"]
[SourceVersionDate "2023.03.20"]

1. f4 d5 2. Nf3 g6 3. e3 Bg7 4. Be2 Nf6 5. d3 c5 6. O-O O-O 7. Nc3 Nc6 8. e4 dxe4 9. dxe4 Qxd1 10. Rxd1 e5 11. Nxe5 Nxe5 12. fxe5 Nd7 13. e6 fxe6 14. Nb5 Ne5 15. c3 Bd7 16. Be3 b6 17. Rd6 Bxb5 18. Bxb5 Ng4 19. Bg5 Be5 20. Rxe6 Bxh2+ 21. Kh1 Bg3 22. Bc4 Kh8 23. Rf1 Rfe8 24. Bf6+ Nxf6 25. Rexf6 Rxe4 26. Bd5 Rh4+ 27. Kg1 Re8 28. Rf8+ Rxf8 29. Rxf8+ Kg7 30. Rf7+ Kh6 31. Rxa7 Rh5 32. Bg8 Re5 33. Rxh7+ Kg5 34. Bc4 Re1+ 35. Bf1 Rb1 36. b3 Be5 37. Rh3 Rb2 38. Re3 Bf4 39. Re2 Rb1 40. Kf2 Rc1 41. c4 Rc3 42. Re6 Bg3+ 43. Kg1 Rc1 44. Rxb6 Be5 45. Kf2 Bd4+ 46. Ke2 Rc2+ 47. Kf3 Rf2+ 48. Ke4 Rxf1 49. a4 Rf2 50. Kd5 Rxg2 51. b4 Rb2 52. b5 Kf5 53. a5 g5 54. a6 Ra2 55. Rb7 g4 56. a7 g3 57. b6 g2 58. Rf7+ Bf6 59. b7 g1=Q 60. b8=Q Qd4+ 61. Kc6 Qe4+ 62. Kb5 Rb2+ 63. Ka5 Qe1+ 0-1